[Event "Seville-ch"]
[Site "Seville"]
[Date "2017.03.11"]
[Round "7"]
[White "Moron Hernandez, Carlos"]
[Black "Lopez Munoz, Manuel"]
[Result "1/2-1/2"]
[WhiteElo "1907"]
[BlackElo "1944"]
[PlyCount "120"]
[EventDate "2017.01.28"]
[EventType "swiss"]
[EventRounds "9"]
[EventCountry "ESP"]
[SourceTitle "EXT 2018"]
[Source "ChessBase"]
[SourceDate "2017.10.13"]
[SourceVersion "1"]
[SourceVersionDate "2017.10.13"]
[SourceQuality "1"]

1. f4 d5 2. Nf3 c5 3. g3 Nc6 4. Bg2 Nf6 5. 0-0 Bf5 6. d3 e6 7. c3 Be7 8. Na3 h6 9. Qa4 0-0 10. Nh4 Bh7 11. f5 a6 12. e4 dxe4 13. dxe4 b5 14. Qc2 Qb6 15. Qe2 c4+ 16. Kh1 Ne5 17. Nc2 Rad8 18. Bf4 Nd3 19. Be3 Bc5 20. Bxc5 Qxc5 21. fxe6 fxe6 22. Nd4 Qd6 23. Rab1 Rc8 24. Nc2 Qe5 25. Nd4 Nxe4 26. Nhf3 Qd6 27. Bh3 Rce8 28. Bxe6+ Rxe6 29. Nxe6 Qxe6 30. Nd4 Qd5 31. Rxf8+ Kxf8 32. Qf3+ Nf6 33. Qxd5 Nxd5 34. Rf1+ Nf6 35. b3 Ke7 36. bxc4 bxc4 37. Nf5+ Bxf5 38. Rxf5 Kd6 39. Kg2 Nd5 40. Rf7 Nxc3 41. Rxg7 Nxa2 42. Rg6+ Kd5 43. Rxa6 Nab4 44. Rxh6 c3 45. Rh5+ Ne5 46. Rf5 Nc2 47. Rf2 Ne3+ 48. Kh3 Kd4 49. Ra2 N5c4 50. g4 Nb2 51. Ra1 Kd3 52. g5 c2 53. g6 Nf5 54. Rc1 Kd2 55. Rxc2+ Kxc2 56. Kg4 Ng7 57. h4 Nd3 58. h5 Ne5+ 59. Kg5 Nxh5 60. Kxh5 Nxg6 1/2-1/2

[Event "Seville-ch"]
[Site "Seville"]
[Date "2017.02.25"]
[Round "5"]
[White "Perez Garcia, Roberto"]
[Black "Lopez Munoz, Manuel"]
[Result "1-0"]
[WhiteElo "2198"]
[BlackElo "1944"]
[PlyCount "53"]
[EventDate "2017.01.28"]
[EventType "swiss"]
[EventRounds "9"]
[EventCountry "ESP"]
[SourceTitle "EXT 2018"]
[Source "ChessBase"]
[SourceDate "2017.10.13"]
[SourceVersion "1"]
[SourceVersionDate "2017.10.13"]
[SourceQuality "1"]

1. Nf3 d6 2. d4 g6 3. e4 Bg7 4. Bc4 Nf6 5. Qe2 0-0 6. 0-0 c6 7. Bb3 a5 8. a3 Nbd7 9. e5 dxe5 10. dxe5 Nd5 11. c4 Nc7 12. Rd1 Ne6 13. Ng5 Qb6 14. Nxe6 fxe6 15. Ba2 Nxe5 16. Nc3 Nf7 17. Ne4 Qc7 18. c5 Kh8 19. h4 e5 20. h5 Bf5 21. g4 Bxe4 22. Qxe4 Rad8 23. Be3 gxh5 24. gxh5 Bh6 25. Rxd8 Qxd8 26. Bxf7 Rxf7 27. Bxh6 1-0

[Event "Seville op 39th"]
[Site "Seville"]
[Date "2014.01.13"]
[Round "4"]
[White "Lopez Munoz, Manuel"]
[Black "McMahon, Daire"]
[Result "1/2-1/2"]
[WhiteElo "1962"]
[BlackElo "2157"]
[PlyCount "68"]
[EventDate "2014.01.10"]
[EventType "swiss"]
[EventRounds "9"]
[EventCountry "ESP"]
[SourceTitle "CBM 158 Extra"]
[Source "ChessBase"]
[SourceDate "2014.02.28"]
[SourceVersion "1"]
[SourceVersionDate "2014.02.28"]
[SourceQuality "1"]

1. Nf3 Nf6 2. d4 b6 3. g3 Bb7 4. Bg2 g6 5. 0-0 Bg7 6. c4 0-0 7. Nc3 e6 8. Qc2 d6 9. Rd1 Nbd7 10. e4 Qe7 11. b4 a5 12. bxa5 Rxa5 13. a4 e5 14. d5 Nc5 15. Bd2 Rfa8 16. Ra3 Bc8 17. Rda1 R5a6 18. Ne1 Bd7 19. Nb5 Bxb5 20. cxb5 R6a7 21. f3 h5 22. Nd3 Nxd3 23. Qxd3 Nd7 24. Be3 Bf6 25. R1a2 h4 26. f4 hxg3 27. hxg3 Kg7 28. f5 Bg5 29. fxg6 Bxe3+ 30. Qxe3 fxg6 31. Bf1 Nc5 32. Rh2 Rh8 33. Rxh8 Kxh8 34. Qh6+ Qh7 1/2-1/2